书目信息 |
| 题名: |
左岸
|
|
| 作者: | 洛特曼 著 ;薛巍 译 | |
| 分册: | ||
| 出版信息: | 北京 新星出版社 2008 |
|
| 页数: | 296页 | |
| 开本: | 23cm | |
| 丛书名: | 左岸丛书 | |
| 单 册: | ||
| 中图分类: | K815.6=5 , K815.7=5 | |
| 科图分类: | ||
| 主题词: | 作家--生平事迹--世界--现代 , 艺术家--生平事迹--世界--现代 | |
| 电子资源: | ||
| ISBN: | 978-7-80225-429-9 | |
| 000 | 01263nam0 2200301 450 | |
| 001 | 1571007949 | |
| 005 | 20150123104040.15 | |
| 010 | @a978-7-80225-429-9@dCNY34.00 | |
| 100 | @a20080711d2008 em y0chiy50 ea | |
| 101 | 1 | @achi@ceng |
| 102 | @aCN@b110000 | |
| 105 | @aa z 000yd | |
| 200 | 1 | @a左岸@9zuo an@dThe left bank@e从人民阵线到冷战时期的作家、艺术家和政治@ewriters, artists, and politics from the popular front to cold war@f(美)赫伯特·洛特曼(Herbert R. Lottman)著@g薛巍译@zeng |
| 210 | @a北京@c新星出版社@d2008 | |
| 215 | @a296页@c照片@d23cm | |
| 225 | 1 | @a左岸丛书 |
| 330 | @a本书记叙了从人民阵线到冷战时期的作家、艺术家的生平事迹。全书分为四篇,包括背景、三十年代等内容。 | |
| 461 | 0 | @12001 @a左岸丛书 |
| 510 | 1 | @aLeft bank@ewrit ers, artists, and politics from the popular front to cold war@zeng |
| 517 | 1 | @a从人民阵线到冷战时期的作家、艺术家和政治@9cong ren min zhen xian dao leng zhan shi qi de zuo jia、 yi shu jia he zheng zhi |
| 606 | 0 | @a作家@x生平事迹@y世界@z现代 |
| 606 | 0 | @a艺术家@x生平事迹@y世界@z现代 |
| 690 | @aK815.6=5@v5 | |
| 690 | @aK815.7=5@v5 | |
| 701 | 0 | @c(美)@a洛特曼@9luo te man@c(Lottman, Herbert R.)@4著 |
| 702 | 0 | @a薛巍@9xue wei@4译 |
| 801 | 0 | @aCN@bTSSF@c20150123 |
| 905 | @aZUCC@dK815.6@eJY94 | |
| 左岸=The left bank:从人民阵线到冷战时期的作家、艺术家和政治:writers, artists, and politics from the popular front to cold war/(美)赫伯特·洛特曼(Herbert R. Lottman)著/薛巍译.-北京:新星出版社,2008 |
| 296页:照片;23cm.-(左岸丛书) |
| ISBN 978-7-80225-429-9:CNY34.00 |
| 本书记叙了从人民阵线到冷战时期的作家、艺术家的生平事迹。全书分为四篇,包括背景、三十年代等内容。 |
| ● |
| 相关链接 |
|
|
|
|
正题名:左岸
索取号:K815.6/JY94
 
预约/预借
| 序号 | 登录号 | 条形码 | 馆藏地/架位号 | 状态 | 备注 |
| 1 | 7844362 | 278443622 | 学院路分馆/ [索取号:K815.6/JY94] | 在馆 | |
| 2 | 7851145 | 278511451 | 学院路分馆/ [索取号:K815.6/JY94] | 在馆 | |
| 3 | 7851146 | 278511460 | 学院路分馆/ [索取号:K815.6/JY94] | 在馆 |